<?xml version="1.0" encoding="UTF-8"?>
<record
    xmlns:xsi="http://www.w3.org/2001/XMLSchema-instance"
    xsi:schemaLocation="http://www.loc.gov/MARC21/slim http://www.loc.gov/standards/marcxml/schema/MARC21slim.xsd"
    xmlns="http://www.loc.gov/MARC21/slim">

  <leader>03001nam a2200397Ia 4500</leader>
  <controlfield tag="001">dia_5251</controlfield>
  <controlfield tag="003">CHAP</controlfield>
  <controlfield tag="005">20240411185823.0</controlfield>
  <controlfield tag="007">ta</controlfield>
  <controlfield tag="008">220117s2013    mx abdofr     001 0 spa d</controlfield>
  <datafield tag="040" ind1=" " ind2=" ">
    <subfield code="c">CHAP</subfield>
    <subfield code="a">mxchpua</subfield>
  </datafield>
  <datafield tag="090" ind1=" " ind2=" ">
    <subfield code="a">T.C.602 </subfield>
    <subfield code="b">M67 IAI </subfield>
    <subfield code="c">2013</subfield>
  </datafield>
  <datafield tag="245" ind1="1" ind2="0">
    <subfield code="a">Viaje de estudios a las regiones Sierra Amula del estado de Jalisco y norte y sur del estado de Colima /</subfield>
    <subfield code="c">coordinadora Tayde Morales Santos ; colaboradores Sheila Ivonne Ba&#xF1;os Serrano...[et al.]</subfield>
  </datafield>
  <datafield tag="260" ind1=" " ind2=" ">
    <subfield code="a">M&#xE9;xico :</subfield>
    <subfield code="b">El autor,</subfield>
    <subfield code="c">2013</subfield>
  </datafield>
  <datafield tag="300" ind1=" " ind2=" ">
    <subfield code="a">199 hojas :</subfield>
    <subfield code="b">ilustraciones, mapas, gr&#xE1;ficas, diagramas, tablas, fotos +</subfield>
    <subfield code="e">1 CD-ROM</subfield>
  </datafield>
  <datafield tag="336" ind1=" " ind2=" ">
    <subfield code="2">rdacontent</subfield>
    <subfield code="a">texto</subfield>
    <subfield code="b">txt</subfield>
  </datafield>
  <datafield tag="337" ind1=" " ind2=" ">
    <subfield code="2">rdamedia</subfield>
    <subfield code="a">no mediado</subfield>
    <subfield code="b">n</subfield>
  </datafield>
  <datafield tag="338" ind1=" " ind2=" ">
    <subfield code="2">rdacarrier</subfield>
    <subfield code="a">volumen</subfield>
    <subfield code="b">nc</subfield>
  </datafield>
  <datafield tag="500" ind1=" " ind2=" ">
    <subfield code="a">5&#xB0; a&#xF1;o Grupo 2 --
El CD contiene reporte.</subfield>
  </datafield>
  <datafield tag="502" ind1=" " ind2=" ">
    <subfield code="a">Viaje de estudios </subfield>
    <subfield code="b">(IAI) -- </subfield>
    <subfield code="c">UACh. Departamento de Ingenier&#xED;a Agroindustrial, </subfield>
    <subfield code="d">2013</subfield>
  </datafield>
  <datafield tag="504" ind1=" " ind2=" ">
    <subfield code="a">Bibliograf&#xED;a: hojas 192-194</subfield>
  </datafield>
  <datafield tag="505" ind1=" " ind2=" ">
    <subfield code="a">Visitas Jalisco: </subfield>
    <subfield code="t">1. Ingenio Melchor Ocampo, S. A. de C. V., Zucarmex -- 
2. Coperativa Mujeres de Autl&#xE1;n, Chiquihuitecas, S. C. -- 
3. Productos alimenticios HORFI, S. A. de C. V. -- 
4. Desert Glory M&#xE9;xico, S. de R. L. de C. V. -- 
5. F&#xE1;brica de mezcal El Roble -- 
6. Sociedad Cooperativa Cacahuatlense, S. C. de R. L. -- 
7. Cooperativa Mujeres Ambientalistas de Jiquilpan, San Gabriel, S. C. de R. L. -- 
8. Purificadora de agua desionizada y desmineralizada Rancho Alegre -- 
9. Conservas El Aguacate, S. C. de R. L. -- 
10. Ganaderos Unidos Sierra-Costa de Jalisco, S. C. de R. L. de C. V. -- 
11. Servicios Integrales de Educaci&#xF3;n Cooperativa, S. C. de R. L. -- 
12. Planta Industrial Grupo Corona, S. A. de C. V. -- 
13. Centro Regional Universitario de Occidente (CRUOC) de la UACh -- 
14. Tequilera La Roje&#xF1;a de Jos&#xE9; Cuervo, S. A. de C. V.  --
VISITAS COLIMA -- 
15. Empresa Rancho Los Horcones -- 
16. Empresa Campo Elite, S. P. R. de R. L. y C. V.-- 
17. Asociaci&#xF3;n de Ca&#xF1;eros de la CNPR -- 
18. Instituto Nacional de Investigaciones Forestales, Agr&#xED;colas y Pecuarias (INIFAP) Campo experimental Tecom&#xE1;n -- 
19. Empresa SICAR, S. A. de C. V. -- 
20. Empresa Citrojugo, S. A. de C. V. -- 
21. Empresa Colima Fruits, S. A. de C. V. -- 
22. Centro de Extracci&#xF3;n y Envasado de Miel de la Zona Costera -- 
23. Granja Acu&#xED;cola de Occidente</subfield>
  </datafield>
  <datafield tag="650" ind1="1" ind2="3">
    <subfield code="a">Industria de los alimentos</subfield>
    <subfield code="9">157979</subfield>
    <subfield code="z">M&#xE9;xico</subfield>
    <subfield code="z">Colima</subfield>
  </datafield>
  <datafield tag="650" ind1="1" ind2="3">
    <subfield code="a">Industria de los alimentos</subfield>
    <subfield code="9">154208</subfield>
    <subfield code="z">M&#xE9;xico</subfield>
    <subfield code="z">Jalisco</subfield>
  </datafield>
  <datafield tag="650" ind1="1" ind2="3">
    <subfield code="a">Food industry</subfield>
    <subfield code="9">154206</subfield>
    <subfield code="z">Mexico</subfield>
    <subfield code="z">Jalisco</subfield>
  </datafield>
  <datafield tag="650" ind1="1" ind2="3">
    <subfield code="a">Food industry</subfield>
    <subfield code="9">157978</subfield>
    <subfield code="z">Mexico</subfield>
    <subfield code="z">Colima</subfield>
  </datafield>
  <datafield tag="700" ind1="1" ind2=" ">
    <subfield code="a">Morales Santos, Tayde</subfield>
    <subfield code="9">78416</subfield>
    <subfield code="e">coordinadora</subfield>
  </datafield>
  <datafield tag="700" ind1="1" ind2=" ">
    <subfield code="a">Ba&#xF1;os Serrano, Sheila Ivonne</subfield>
    <subfield code="9">129911</subfield>
    <subfield code="e">colaboradora</subfield>
  </datafield>
  <datafield tag="856" ind1="4" ind2="2">
    <subfield code="u">http://10.13.5.2/ve/TC602IAI/TC602IAI2013-REPORTE.pdf</subfield>
    <subfield code="y">DESCARGAR REPORTE</subfield>
  </datafield>
  <datafield tag="901" ind1=" " ind2=" ">
    <subfield code="a">T.C.602 M67 IAI 2013</subfield>
  </datafield>
  <datafield tag="902" ind1=" " ind2=" ">
    <subfield code="a">M</subfield>
  </datafield>
  <datafield tag="905" ind1=" " ind2=" ">
    <subfield code="a">5232272013                          mx amnl8223223322spa16</subfield>
  </datafield>
  <datafield tag="942" ind1=" " ind2=" ">
    <subfield code="2">local</subfield>
  </datafield>
  <datafield tag="942" ind1=" " ind2=" ">
    <subfield code="c">VE</subfield>
  </datafield>
  <datafield tag="999" ind1=" " ind2=" ">
    <subfield code="c">176160</subfield>
    <subfield code="d">176160</subfield>
  </datafield>
  <datafield tag="952" ind1=" " ind2=" ">
    <subfield code="0">0</subfield>
    <subfield code="1">0</subfield>
    <subfield code="2">local</subfield>
    <subfield code="4">0</subfield>
    <subfield code="5">1</subfield>
    <subfield code="7">0</subfield>
    <subfield code="8">VE</subfield>
    <subfield code="a">IA_</subfield>
    <subfield code="b">IA_</subfield>
    <subfield code="d">2022-01-18</subfield>
    <subfield code="e">El autor</subfield>
    <subfield code="l">0</subfield>
    <subfield code="o">T.C.602 M67 IAI 2013</subfield>
    <subfield code="p">1106007537</subfield>
    <subfield code="r">2022-01-18 00:00:00</subfield>
    <subfield code="t">Ej. 2</subfield>
    <subfield code="w">2022-01-18</subfield>
    <subfield code="y">CD</subfield>
  </datafield>
  <datafield tag="952" ind1=" " ind2=" ">
    <subfield code="0">0</subfield>
    <subfield code="1">0</subfield>
    <subfield code="2">local</subfield>
    <subfield code="4">0</subfield>
    <subfield code="5">1</subfield>
    <subfield code="7">0</subfield>
    <subfield code="8">VE</subfield>
    <subfield code="a">IA_</subfield>
    <subfield code="b">IA_</subfield>
    <subfield code="d">2022-01-18</subfield>
    <subfield code="e">El autor</subfield>
    <subfield code="l">0</subfield>
    <subfield code="o">T.C.602 M67 IAI 2013</subfield>
    <subfield code="p">1106007536</subfield>
    <subfield code="r">2026-01-26 00:00:00</subfield>
    <subfield code="t">Ej. 1</subfield>
    <subfield code="w">2022-01-18</subfield>
    <subfield code="y">VE</subfield>
  </datafield>
  <datafield tag="952" ind1=" " ind2=" ">
    <subfield code="0">0</subfield>
    <subfield code="1">0</subfield>
    <subfield code="2">local</subfield>
    <subfield code="4">0</subfield>
    <subfield code="7">0</subfield>
    <subfield code="8">VEE</subfield>
    <subfield code="a">IA_</subfield>
    <subfield code="b">IA_</subfield>
    <subfield code="c">E_L</subfield>
    <subfield code="d">2024-04-11</subfield>
    <subfield code="e">El autor</subfield>
    <subfield code="l">0</subfield>
    <subfield code="o">T.C.602 M67 IAI 2013</subfield>
    <subfield code="p">1206007536</subfield>
    <subfield code="r">2024-04-11 00:00:00</subfield>
    <subfield code="w">2024-04-11</subfield>
    <subfield code="y">VEE</subfield>
  </datafield>
</record>
